000 00371nam a22001457a 4500
999 _c193632
_d193632
008 221107b ||||| |||| 00| 0 eng d
082 _a181.4-BAG
100 _aR.M ,BAGWAT
245 _a EVERY,MATHMASTICS
260 _aNEW DELHI
_bA.I.C.B
_cROHINI
270 _aA.I.C.B ,ROHINI NEW DELHI
300 _a.
_b.
_c12X13
490 _v1
942 _2ddc
_cBRLEN
_k181.4
_mBAG